[Event "Penang Mini op 2nd"]
[Site "Penang"]
[Date "2019.06.06"]
[Round "4"]
[White "Tan, Yik Chean"]
[Black "Carson, Goh Eu Zien"]
[Result "0-1"]
[WhiteElo "1586"]
[BlackElo "1467"]
[PlyCount "112"]
[EventDate "2019.06.05"]
[EventType "swiss"]
[EventRounds "9"]
[EventCountry "MAS"]
[SourceTitle "CBM 190 Extra"]
[Source "ChessBase"]
[SourceDate "2019.07.15"]
[SourceVersion "1"]
[SourceVersionDate "2019.07.15"]
[SourceQuality "1"]

1. e4 c6 2. Nc3 d5 3. Nf3 Bg4 4. h3 Bxf3 5. Qxf3 e6 6. Be2 Nd7 7. d4 Bb4 8. exd5 cxd5 9. 0-0 Ngf6 10. Bg5 0-0 11. Qg3 Re8 12. Bb5 Re7 13. Bxd7 Rxd7 14. Rfe1 Be7 15. Qe5 Ne8 16. Bxe7 Qxe7 17. Nxd5 Qd8 18. Ne3 Rxd4 19. Rad1 Rxd1 20. Rxd1 Qe7 21. Nd5 Qf8 22. Ne3 Qe7 23. Nd5 Qf8 24. Nc7 Rc8 25. Nxe8 Qxe8 26. Qa5 a6 27. Qb6 Qe7 28. c4 h6 29. b3 Kh7 30. Qd4 Rc7 31. Kf1 e5 32. Qe4+ g6 33. f4 exf4 34. Qxf4 Rc6 35. Re1 Qd7 36. Re3 Rc5 37. Ke2 Rf5 38. Qe4 Kg7 39. Rd3 Qc7 40. Rd5 Rf6 41. Qe5 Qc6 42. c5 Kh7 43. Kd3 Rf5 44. Qxf5 gxf5 45. Rxf5 Qg6 46. g4 h5 47. Ke4 hxg4 48. hxg4 f6 49. Kf4 Qh6+ 50. Ke4 Qh1+ 51. Kf4 Kg6 52. Rh5 Qf1+ 53. Ke3 Qg2 54. Rh8 Qxa2 55. Rd8 Qxb3+ 56. Ke4 Qc4+ 0-1

[Event "Penang Mini op1st"]
[Site "Penang"]
[Date "2018.06.15"]
[Round "5"]
[White "Tan, Yik Chean"]
[Black "Ding, Dao En"]
[Result "1/2-1/2"]
[WhiteElo "1466"]
[BlackElo "1494"]
[PlyCount "178"]
[EventDate "2018.06.13"]
[EventType "swiss"]
[EventRounds "9"]
[EventCountry "MAS"]
[SourceTitle "CBM 184 Extra"]
[Source "ChessBase"]
[SourceDate "2018.06.28"]
[SourceVersion "1"]
[SourceVersionDate "2018.06.28"]
[SourceQuality "1"]

1. e4 c5 2. Nf3 Nc6 3. d4 cxd4 4. Nxd4 g6 5. c4 Nf6 6. Nc3 d6 7. f3 Nxd4 8. Qxd4 Bg7 9. Bg5 0-0 10. Qd2 Be6 11. Rc1 Qa5 12. b3 Rfc8 13. Be2 a6 14. 0-0 Rab8 15. Nd5 Qxd2 16. Nxf6+ Bxf6 17. Bxd2 Bd4+ 18. Kh1 Rc6 19. Rfd1 Bf6 20. Rc2 Rbc8 21. Rdc1 Kg7 22. Be3 b5 23. Kg1 b4 24. c5 d5 25. exd5 Bxd5 26. Bc4 Bxc4 27. Rxc4 Bc3 28. Rd1 R6c7 29. Kf2 Kf8 30. Rd5 Ke8 31. Ke2 Rd7 32. Rxd7 Kxd7 33. Bd4 Kc6 34. Bxc3 bxc3 35. Kd3 Kb5 36. a4+ Kc6 37. Kxc3 a5 38. b4 axb4+ 39. Rxb4 Rd8 40. Kc4 Rd2 41. Rb6+ Kc7 42. a5 Rxg2 43. a6 Rc2+ 44. Kd5 e6+ 45. Kd4 Ra2 46. Rb7+ Kc6 47. Rb6+ Kc7 48. Kc4 Rc2+ 49. Kb3 Rxc5 50. Rb7+ Kc6 51. Kb4 Rc1 52. Rxf7 Ra1 53. a7 h5 54. Re7 Kd6 55. Rg7 Kc6 56. h4 Kb6 57. Rxg6 Kxa7 58. Rxe6 Rh1 59. Re4 Rh3 60. Rf4 Kb6 61. Kc4 Kc6 62. Kd4 Kd6 63. Ke3 Ke5 64. Re4+ Kf5 65. Kf2 Rh1 66. Ra4 Rh2+ 67. Kg3 Rb2 68. Ra5+ Kg6 69. Re5 Rb4 70. Re4 Rb6 71. Re5 Rb4 72. Re6+ Kg7 73. Re4 Rb6 74. Kf4 Rf6+ 75. Ke3 Rd6 76. Re5 Kh6 77. Ke4 Rf6 78. f4 Rg6 79. Rg5 Ra6 80. Rd5 Rg6 81. Rg5 Ra6 82. Rg3 Ra4+ 83. Kf5 Ra5+ 84. Ke4 Ra4+ 85. Kf3 Rb4 86. Rg5 Rb3+ 87. Kg2 Rb4 88. Kg3 Rb3+ 89. Kh2 Rb4 1/2-1/2

[Event "Penang op-B 9th"]
[Site "Penang"]
[Date "2017.12.07"]
[Round "6"]
[White "Tan, Yik Chean"]
[Black "Jelsen, Yemi"]
[Result "0-1"]
[WhiteElo "1446"]
[BlackElo "1934"]
[PlyCount "62"]
[EventDate "2017.12.04"]
[EventType "swiss"]
[EventRounds "9"]
[EventCountry "MAS"]
[SourceTitle "CBM 182 Extra"]
[Source "ChessBase"]
[SourceDate "2018.02.23"]
[SourceVersion "1"]
[SourceVersionDate "2018.02.23"]
[SourceQuality "1"]

1. e4 c5 2. Nc3 d6 3. f4 Nc6 4. Nf3 g6 5. Bb5 Bg7 6. 0-0 e6 7. d3 Nge7 8. Qe1 a6 9. Bc4 0-0 10. Bb3 d5 11. Qh4 b5 12. a4 b4 13. Ne2 a5 14. g4 Ba6 15. f5 dxe4 16. Ng5 h6 17. f6 hxg5 18. Bxg5 Bh8 19. fxe7 Nxe7 20. Bxe7 Qb6 21. Qg5 exd3 22. Nf4 c4+ 23. Kg2 Bb7+ 24. Kh3 Qe3+ 25. Kh4 Qd2 26. Bxc4 Qxh2+ 27. Nh3 Bg2 28. Qe3 Bd4 29. Rh1 Qxh1 30. Rxh1 Bxe3 31. Rh2 dxc2 0-1